The Gingerbread Man (Record no. 614)
[ view plain ]
| 000 -CABECERA | |
|---|---|
| campo de control de longitud fija | 01081nam a22002774i 4500 |
| 003 - IDENTIFICADOR DE NUMERO DE CONTROL | |
| campo de control | AR-BaSMT |
| 008 - CAMPOS DE LONGITUD FIJA | |
| campo de control de longitud fija | 250807t2016 uka|||br|||| 001 1 eng d |
| 020 ## - ISBN: Indicadores indefinidos | |
| Número ISBN | 9781474924627 |
| 040 ## - FUENTE DE CATALOGACION | |
| Agencia de catalogación original | BSGB |
| Idioma de catalogación | español |
| Convenciones de la descripción | rda |
| 041 1# - CODIGO DE IDIOMA | |
| Código idioma | eng |
| Idioma original | inglés |
| 080 ## - CDU | |
| CDU completo | 82-34=111 |
| 100 1# - PUNTO DE ACCESO PRINCIPAL | |
| Nombre de persona | Mackinnon, Mairi |
| Enlace autoridades | 450 |
| 245 14 - MENCION DE TITULO | |
| Título | The Gingerbread Man |
| 250 ## - MENCION DE EDICION | |
| Mención de edición | primera edición |
| 264 ## - PRODUCCIÓN, PUBLICACIÓN, DISTRIBUCIÓN, ETC. | |
| Lugar de publicación, etc. | Londres : |
| Nombre editor. | Usborne, |
| Fecha | 2017. |
| 300 ## - DESCRIPCION FISICA | |
| Extensión | 32 páginas. |
| Otros detalles físicos | Ilustraciones a color. |
| 336 ## - TIPO DE CONTENIDO | |
| texto | Texto |
| 337 ## - TIPO DE MEDIO | |
| sin mediación | Sin Mediación |
| 338 ## - TIPO DE SOPORTE | |
| volumen | Volúmen |
| 520 ## - NOTA DE SUMARIO, RESUMEN, ETC. | |
| Toda la nota | You can't catch me, I'm the gingerbread man! Everyone wants to catch the gingerbread man. Only the fox wants to help him - or does he?<br/>The Usborne English Readers series is a new range of graded readers in simplified English for younger learners. They include activities, glossaries and a full audio recording of the text in both British English and American English. |
| 521 ## - NOTA DE PÚBLICO DESTINATARIO | |
| Nota de audiencia | Primaria |
| 650 #7 - PUNTO DE ACCESO ADICIONAL DE MATERIA – TÉRMINO TEMÁTICO | |
| Enlace autoridades | 23 |
| Término de materia o nombre geográfico como elemento de entrada | CUENTO |
| Subdivisión general | Inglés |
| 700 1# - PUNTO DE ACCESO ADICIONAL – NOMBRE DE PERSONA | |
| Apellido, Nombre | Ligi, Raffaellla |
| Término relacionador: | Ilustración |
| Enlace autoridades | 451 |
| 942 ## - ELEMENTOS AGREGADOS (KOHA) | |
| CDU | Clasificación Decimal Dewey |
| Tipo de ítem | Libros |
| Disponible | Perdido | Fuente de clasificación | Estado | Ubicación permanente | Locación actual | Estante o sala | Fuente de adquisición | Número de inventario | Total préstamos | Signatura topográfica | Código de barras | Numero de ejemplar | Tipo de item de Koha | Calificador de localización códificado |
|---|---|---|---|---|---|---|---|---|---|---|---|---|---|---|
| Clasificación Decimal Dewey | Biblioteca Susana G. De Batemarco | Biblioteca Susana G. De Batemarco | Inglés - Azul | Donación | 000844 | 82-34=111 MAC | 000844 | 1 | Libros |
